Top 50 mondial - Tennis de table (ping pong) - Statistiques

Statistiques générales
  • Ce quiz a été pris 269 fois
    232 depuis la dernière actualisation
  • Le résultat moyen est 32 sur 100
Statistiques - réponses
Rang WTT % Correct
6 Félix LEBRUN
98%
12 Alexis LEBRUN
97%
3 Hugo CALDERANO
86%
1 LIN Shidong
86%
2 WANG Chuqin
85%
4 Tomokazu HARIMOTO
82%
7 Truls MOREGARD
81%
11 LIN Yun-Ju
80%
6 Miwa HARIMOTO
80%
32 Simon GAUZY
80%
26 LIN Gaoyuan
78%
2 WANG Manyu
76%
5 WANG Yidi
75%
37 WANG Xiaotong
71%
5 LIANG Jingkun
68%
13 Dang QIU
66%
22 LEE Sang Su
61%
10 Benedikt DUDA
59%
15 SHI Xunyao
57%
14 Patrick FRANZISKA
55%
1 SUN Yingsha
55%
26 Prithika PAVADE
54%
15 Anton KALLBERG
52%
21 Quadri ARUNA
52%
38 Thibault PORET
52%
8 Darko JORGIC
51%
10 CHEN Yi
49%
25 Jia Nan YUAN
48%
9 XIANG Peng
48%
30 Dimitrij OVTCHAROV
45%
3 CHEN Xingtong
42%
28 Shunsuke TOGAMI
42%
17 Anders LIND
41%
19 CHEN Yuanyu
41%
20 Sora MATSUSHIMA
41%
18 AN Jaehyun
40%
25 JANG Woojin
40%
33 Omar ASSAR
40%
49 FAN Shuhan
38%
33 FAN Siqi
38%
41 Lilian BARDET
36%
4 KUAI Man
32%
24 Jonathan GROTH
28%
31 Kanak JHA
28%
48 LEE Eunhye
28%
13 Hina HAYATA
27%
23 Hiroto SHINOZUKA
27%
35 WEN Ruibo
26%
16 OH Junsung
25%
21 Adriana DIAZ
24%
16 Bernadette SZOCS
24%
11 Honoka HASHIMOTO
24%
40 Sabine WINTER
23%
9 Satsuki ODO
23%
29 Tomislav PUCAR
21%
19 Bruna TAKAHASHI
20%
23 Sofia POLCANOVA
19%
8 Mima ITO
18%
24 Hana GODA
17%
27 KAO Cheng-Jui
17%
45 Nicholas LUM
17%
17 Shin YUBIN
17%
40 ZHOU Qihao
16%
37 Yukiya UDA
15%
30 Ying HAN
14%
7 ZHU Yuling
14%
43 Manav THAKKAR
13%
42 Ricardo WALTHER
12%
34 Yuta TANAKA
12%
12 CHENG I-Ching
11%
28 KIM Nayeong
10%
32 Elizabeta SAMARA
9%
29 JOO Cheonhui
9%
44 Finn LUU
8%
38 Lily ZHANG
8%
50 Milosz REDZIMSKI
8%
39 XUE Fei
8%
48 FENG Yi-Hsin
7%
22 HE Zhuojia
7%
36 Hitomi SATO
7%
35 HUANG Yi-Hua
7%
36 Hwan BAE
7%
50 Mo ZHANG
7%
31 Miu HIRANO
6%
46 Dina MESHREF
5%
46 HUANG Youzheng
5%
14 Miyu NAGASAKI
5%
34 Yangzi LIU
5%
47 Aditya SAREEN
4%
44 KIM Kum Yong
4%
20 Miyuu KIHARA
4%
42 QIN Yuxuan
4%
27 Sakura YOKOI
4%
47 Sreeja AKULA
4%
39 DOO Hoi Kem
3%
41 Minhyung JEE
3%
43 ZONG Geman
3%
18 QIAN Tianyi
2%
45 Britt EERLAND
1%
49 Mizuki OIKAWA
1%
Aucun quiz correspondant
Distribution des résultats
% des personnes avec chaque résultat
Percentile par nombre de réponses
Votre historique - résultats
Vous n’avez pas pris ce quiz depuis la dernière actualisation